Statistiques concernant Devinez le Pays Mystère #146

Cliquez ici pour prendre le quiz!

Statistiques générales

  • Ce quiz a été pris 208 fois
  • Le résultat moyen est 11 sur 17

Statistiques - réponses

Type de RéponseRéponse% Correct
Lettre TrouvéeA
95%
Lettre TrouvéeE
93%
Lettre TrouvéeI
93%
Lettre Bien PlacéeE
91%
Lettre TrouvéeM
81%
Lettre TrouvéeB
79%
Lettre Bien PlacéeA
75%
Lettre Bien PlacéeI
65%
Lettre Bien PlacéeB
59%
Lettre Bien PlacéeM
52%
Lettre Bien PlacéeB
45%
Lettre TrouvéeW
45%
Lettre TrouvéeZ
45%
Lettre TrouvéeB
42%
Lettre Bien PlacéeW
42%
Lettre Bien PlacéeZ
42%
Pays MystèreZimbabwe
42%

Distribution des résultats

Percentile par nombre de réponses

% des personnes avec chaque résultat

Votre développement - résultats

Vous n’avez pas pris ce quiz